| 000 | 00987cam a22003257a 4500 | ||
|---|---|---|---|
| 003 | CHAP | ||
| 005 | 20220329143002.0 | ||
| 008 | 050530d2001 us a r 00110 eng d | ||
| 010 | _a90374 | ||
| 011 | _a91346 | ||
| 020 | _a0 7020 2563 1 | ||
| 035 | _a101904 | ||
| 040 | _cCHAP | ||
| 082 | 0 | 4 |
_a639.3 _bR62 2001 |
| 100 | 0 | 0 |
_aRoberts, Ronald J. _997937 |
| 245 | 1 | 0 |
_aFish pathology _c/ed. by Ronald J. Roberts |
| 250 | _a3ed. | ||
| 260 |
_aEdinburgh : _bW.B. Saunders, _c2001. |
||
| 300 |
_a472 p. : _bilus. |
||
| 590 |
_aBATCH-UPD _b10 _c20130110 _lUCH01 _h0354 |
||
| 590 |
_aBATCH-UPD _b10 _c20130410 _lUCH01 _h0028 |
||
| 590 |
_aBATCH-UPD _b10 _c20130914 _lUCH01 _h1905 |
||
| 590 |
_aCONVERSION _b10 _c20130109 _lUCH01 _h1350 |
||
| 650 | 1 | 4 |
_aPeces _xEnfermedades. _986448 |
| 650 | 1 | 4 |
_aTeleósteos. _9112085 |
| 901 | _aBK | ||
| 905 | _aAlejandra Carrasco M. | ||
| 942 | _cLIBRO | ||
| 949 |
_a639.3 R62 2001 _bBC _cLIBRO _d33724000951240 _eLIBRO _h105692 _i101904 _kI.224339 _si _t$ 2 400.00 |
||
| 999 |
_c90374 _d90374 |
||